00886nam a2200241 a 4500001001000000003000900010005001700019007000300036008004100039020001500080040002500095082001300120245006900133260004000202300002800242590002800270700004000298910000700338942001400345952013400359952013400493999001700627000049049DO-SdBNP20211026154429.0ta190716s1997 dr a r 000 0 spa d a8489539502 aDO-SdBNPbspacBNPHU 4222bC35700aCatálogo del libro dominicano /ccompilación Virtudes Uribe aSanto Domingo :bDe Colores,c1997. a139 p. :bil. ;c29 cm. aInventariado, 2019 / DG1 aUribe, Virtudes,ecompilador980360 aDG 2ddccLBS1 00102ddc51708PDaBNPHUbPDcHDd2019-07-16eDonación / ICDAiLF1l0oBNPHU PD C357p49050-10r2020-06-25w2020-06-25yLFPD 00102ddc51708PDaBNPHUbPDcHDd2019-07-29eDonado / ICDAiLF1l0oBNPHU PD C357p49050-20r2020-06-25te.2w2020-06-25yLFPD c48537d48537